000
00296nam a22001217a 4500
082
_a
220 PRO
100
_a
AHSAN
_9
71428
245
_a
PR-SOF-1318-ACCREDITATION PLUS
260
_a
ISLAMABAD
_b
NUST COLLEGE OF EME
_c
2013
650
_a
DE-COMP-31
700
_a
WASI HAIDER BUTT
_9
70570
942
_c
CR
999
_c
577955
_d
577955